000 00321 a2200145 4500
001 50477
020 _a8574882097
040 _cAnchieta - Bela Vista
240 1 0 _aClássicos para sonhar
_lpor
245 1 0 _aClássicos para sonhar
300 _a119
440 1 _aGirassol
650 4 _aLiteratura infantil
942 _cBK
999 _c50477
_d50477